| 000 | 00384nam a2200157Ia 4500 | ||
|---|---|---|---|
| 008 | 230917s9999||||xx |||||||||||||| ||und|| | ||
| 040 |
_e215117 _aMAIN |
||
| 041 | _aEnglish | ||
| 082 | _a338.04 R812E(2) | ||
| 100 | _aRoy, Rajeev | ||
| 245 | 0 | _aEntrepreneurship | |
| 250 | _a2nd ed. | ||
| 260 |
_aNew Delhi _bOxford University Press _c2013 |
||
| 300 | _axvi, 571 p. | ||
| 942 | _cBK | ||
| 999 |
_c177541 _d177541 |
||